Les pays avec le plus de buts en Coupe du monde - Statistiques

Statistiques générales
  • Ce quiz a été pris 1 842 fois
  • Le résultat moyen est 16 sur 20
Statistiques - réponses
Goals Pays % Correct
136 France
100%
232 Allemagne
98%
237 Brésil
98%
152 Argentine
97%
108 Espagne
97%
128 Italie
96%
104 Angleterre
93%
61 Portugal
93%
69 Belgique
84%
96 Pays-Bas
84%
77 Russie
82%
89 Uruguay
82%
55 Suisse
74%
62 Mexique
73%
80 Suède
72%
43 Croatie
70%
49 Pologne
70%
87 Hongrie
53%
47 République Tchèque
42%
71 Serbie
41%
Aucun quiz correspondant
Distribution des résultats
% des personnes avec chaque résultat
Percentile par nombre de réponses
Votre historique - résultats
Vous n’avez pas pris ce quiz